[Event "SVK-chT2D 2223"]
[Site "Slovakia"]
[Date "2022.11.27"]
[Round "6.5"]
[White "Sedmak, Viktor"]
[Black "Lauko, Ladislav"]
[Result "1/2-1/2"]
[WhiteElo "1746"]
[BlackElo "2007"]
[PlyCount "63"]
[EventDate "2022.10.08"]
[EventType "team-tourn"]
[EventRounds "11"]
[EventCountry "SVK"]
[SourceTitle "EXT 2024"]
[Source "ChessBase"]
[SourceDate "2023.10.10"]
[SourceVersion "1"]
[SourceVersionDate "2023.10.10"]
[SourceQuality "1"]
[WhiteTeam "Gelnica Slovan"]
[BlackTeam "Spisska Nova Ves"]
[WhiteTeamCountry "SVK"]
[BlackTeamCountry "SVK"]

1. d4 Nf6 2. c4 g6 3. Nc3 d5 4. Nf3 Bg7 5. Bg5 c6 6. h3 0-0 7. e3 Nbd7 8. c5 Re8 9. Be2 Qa5 10. 0-0 e5 11. a3 exd4 12. exd4 Ne4 13. Bd2 Nxd2 14. Qxd2 Nf6 15. Bd3 Qc7 16. Rae1 Bd7 17. Rxe8+ Rxe8 18. Re1 Rxe1+ 19. Qxe1 Kf8 20. Qe3 Nh5 21. Bf1 Qf4 22. g4 Qxe3 23. fxe3 Ng3 24. Bd3 f5 25. g5 Ke7 26. Kg2 Ne4 27. Nd1 Ke6 28. h4 h6 29. b4 hxg5 30. hxg5 f4 31. exf4 Kf5 32. Ne5 1/2-1/2

[Event "SVK-chT2D 1819"]
[Site "Slovakia"]
[Date "2019.03.03"]
[Round "9.6"]
[White "Lauko, Ladislav"]
[Black "Kardis, Benjamin"]
[Result "1/2-1/2"]
[WhiteElo "2036"]
[BlackElo "1819"]
[PlyCount "69"]
[EventDate "2018.10.13"]
[EventType "team-tourn"]
[EventRounds "11"]
[EventCountry "SVK"]
[SourceTitle "CBM 189 Extra"]
[Source "ChessBase"]
[SourceDate "2019.06.03"]
[SourceVersion "1"]
[SourceVersionDate "2019.06.03"]
[SourceQuality "1"]
[WhiteTeam "Spisska Nova Ves"]
[BlackTeam "Humenne Reinter"]
[WhiteTeamCountry "SVK"]
[BlackTeamCountry "SVK"]

1. d4 d5 2. Nf3 e6 3. g3 Bd6 4. Bg2 f5 5. Bg5 Nf6 6. Qc1 0-0 7. 0-0 Nbd7 8. c4 c6 9. Bf4 Qc7 10. c5 Bxf4 11. gxf4 b6 12. b4 a5 13. cxb6 Qxb6 14. bxa5 Rxa5 15. Nbd2 Ne4 16. Nb3 Ra7 17. Ne5 Ba6 18. Re1 Nxe5 19. fxe5 Bc4 20. Bxe4 Bxb3 21. Bxf5 Rxf5 22. Qb2 Raf7 23. Rf1 Qd8 24. axb3 h6 25. e3 Qh4 26. f4 g5 27. Kh1 Qh3 28. Qd2 c5 29. dxc5 Rxe5 30. Qd4 Ref5 31. c6 Kh7 32. Rf2 e5 33. Qd2 exf4 34. exf4 Qxb3 35. Rd1 1/2-1/2

[Event "SVK-chT2D 1718"]
[Site "Slovakia"]
[Date "2018.01.14"]
[Round "6.6"]
[White "Panko, Eduard1111"]
[Black "Lauko, Ladislav"]
[Result "0-1"]
[WhiteElo "1927"]
[BlackElo "1994"]
[PlyCount "70"]
[EventDate "2017.10.28"]
[EventType "team-tourn"]
[EventRounds "11"]
[EventCountry "SVK"]
[SourceTitle "EXT 2019"]
[Source "ChessBase"]
[SourceDate "2018.10.10"]
[SourceVersion "1"]
[SourceVersionDate "2018.10.10"]
[SourceQuality "1"]
[WhiteTeam "Bardejov II"]
[BlackTeam "Spisska Nova Ves"]
[WhiteTeamCountry "SVK"]
[BlackTeamCountry "SVK"]

1. e4 e5 2. Nf3 Nc6 3. Nc3 Nf6 4. d4 Bb4 5. d5 Ne7 6. Qd3 Ng6 7. g3 0-0 8. Bg2 d6 9. Bd2 Nd7 10. Na4 Bxd2+ 11. Nxd2 Ne7 12. 0-0-0 b6 13. f4 a5 14. f5 Ba6 15. c4 Rb8 16. Nc3 Nc5 17. Qe2 f6 18. g4 Qd7 19. Bf1 c6 20. Nb3 Nxb3+ 21. axb3 cxd5 22. exd5 Rfc8 23. Kb1 a4 24. Qc2 axb3 25. Qxb3 Qc7 26. Nb5 Qc5 27. Na3 Rc7 28. h4 Ra7 29. Bd3 Bc8 30. Nb5 Ra5 31. Rdf1 Rba8 32. Be4 Bd7 33. Nc3 b5 34. cxb5 Bxb5 35. Nxb5 Ra1# 0-1

[Event "SVK-chT2D 1617"]
[Site "Slovakia"]
[Date "2017.01.21"]
[Round "7.5"]
[White "Pacholsky, Martin"]
[Black "Lauko, Ladislav"]
[Result "1/2-1/2"]
[WhiteElo "1987"]
[BlackElo "2020"]
[PlyCount "115"]
[EventDate "2016.10.08"]
[EventType "team-tourn"]
[EventRounds "11"]
[EventCountry "SVK"]
[SourceTitle "EXT 2018"]
[Source "ChessBase"]
[SourceDate "2017.10.13"]
[SourceVersion "1"]
[SourceVersionDate "2017.10.13"]
[SourceQuality "1"]
[WhiteTeam "Margecany II"]
[BlackTeam "Spisska Nova Ves"]
[WhiteTeamCountry "SVK"]
[BlackTeamCountry "SVK"]

1. e4 e5 2. Nf3 Nc6 3. d4 exd4 4. Nxd4 Nf6 5. Nxc6 bxc6 6. Bd3 Bc5 7. 0-0 d6 8. Bg5 Qe7 9. Qf3 Qe5 10. Bf4 Qh5 11. Qg3 Qg4 12. Nc3 Qxg3 13. Bxg3 Nh5 14. Na4 Bd4 15. c3 Bf6 16. Rfe1 Nxg3 17. hxg3 0-0 18. f4 Re8 19. Kf2 Bd7 20. Rac1 c5 21. b3 h5 22. e5 Be7 23. Bc4 Bf8 24. exd6 Rxe1 25. Rxe1 cxd6 26. Bd5 Re8 27. Rxe8 Bxe8 28. Nb2 Bd7 29. Ke3 Be7 30. Nc4 Kf8 31. b4 Bf5 32. a4 Bc2 33. a5 Ba4 34. Nb6 Be8 35. Nc8 Bf6 36. Kd3 cxb4 37. cxb4 Bb5+ 38. Kc2 Ba4+ 39. Kd2 Bd4 40. Nxd6 Bf2 41. Ne4 Bg1 42. Kc3 Bb5 43. Nd6 Bf1 44. Nxf7 Bf2 45. Nd8 Ke7 46. Nc6+ Kd6 47. Bf3 a6 48. Nd4 g6 49. f5 Ke5 50. Ne2 Kxf5 51. b5 axb5 52. Nd4+ Ke5 53. Nc6+ Kd6 54. a6 b4+ 55. Nxb4 Bb5 56. Bb7 Kc7 57. Nd5+ Kb8 58. Ne7 1/2-1/2

[Event "SVK-chT2D 1314"]
[Site "Slovakia"]
[Date "2013.11.24"]
[Round "4.6"]
[White "Lauko, Ladislav"]
[Black "Stec, Juraj"]
[Result "1-0"]
[WhiteElo "2000"]
[BlackElo "1988"]
[PlyCount "23"]
[EventDate "2013.10.19"]
[EventType "team-tourn"]
[EventRounds "11"]
[EventCountry "SVK"]
[SourceTitle "EXT 2015"]
[Source "ChessBase"]
[SourceDate "2014.11.20"]
[SourceVersion "1"]
[SourceVersionDate "2014.11.20"]
[SourceQuality "1"]
[WhiteTeam "Spisska Nova Ves"]
[BlackTeam "Kosice Slavia TU IV"]
[WhiteTeamCountry "SVK"]
[BlackTeamCountry "SVK"]

1. e4 c6 2. Nc3 d5 3. Nf3 Bg4 4. Be2 Nf6 5. e5 Nfd7 6. d4 e6 7. 0-0 c5 8. Bg5 Qa5 9. Nb5 Bxf3 10. Bxf3 Nc6 11. Qd2 Qxd2 12. Nc7# 1-0

[Event "SVK-chT2D 0506"]
[Site "Slovakia"]
[Date "2005.12.18"]
[Round "6.7"]
[White "Sedmak, Viktor"]
[Black "Lauko, Ladislav"]
[Result "1-0"]
[WhiteElo "1780"]
[BlackElo "1948"]
[PlyCount "101"]
[EventDate "2005.10.22"]
[EventType "team-tourn"]
[EventRounds "11"]
[EventCountry "SVK"]
[SourceTitle "EXT 2009"]
[Source "ChessBase"]
[SourceDate "2008.11.26"]
[SourceVersion "1"]
[SourceVersionDate "2008.11.26"]
[SourceQuality "1"]

1. d4 Nf6 2. Nc3 d5 3. Bg5 Nbd7 4. Nf3 c6 5. e3 g6 6. Bd3 Bg7 7. e4 dxe4 8. Nxe4 0-0 9. c3 Qc7 10. 0-0 Nxe4 11. Bxe4 h6 12. Be3 Nf6 13. Bc2 Nd5 14. Bd2 c5 15. dxc5 Qxc5 16. Qc1 Kh7 17. Re1 Qd6 18. Re4 h5 19. Rh4 Bg4 20. h3 Bxf3 21. gxf3 f5 22. Bg5 e5 23. Qd2 Qc6 24. Rd1 Nf6 25. Bxf5 gxf5 26. Bxf6 Rxf6 27. Rxh5+ Rh6 28. Rxf5 Rxh3 29. Qd3 Qg6+ 30. Rg5 Qxd3 31. Rxd3 e4 32. Rd7 Rg8 33. fxe4 Kh6 34. Rg4 Rf3 35. Rd6+ Kh7 36. Rd7 Kh8 37. Rxb7 a6 38. Kf1 Rf6 39. e5 Re6 40. Rh4+ Bh6 41. f4 Rf8 42. Rb4 Kg7 43. Ke2 Kg6 44. Re4 Kf5 45. Kf3 Rd8 46. Rh5+ Kg6 47. Kg4 Kf7 48. f5 Rg8+ 49. Kf3 Rb6 50. e6+ Kg7 51. Rg4+ 1-0